Indian population: a challenge and an opportunity (Record no. 371393)

000 -LEADER
fixed length control field 00385cam a22001337a 4500
008 - FIXED-LENGTH DATA ELEMENTS--GENERAL INFORMATION
fixed length control field 180718b1948 xxu||||| |||| 00| 0 eng d
082 ## - DEWEY DECIMAL CLASSIFICATION NUMBER
Classification number B12x54 K149
100 ## - MAIN ENTRY--PERSONAL NAME
Personal name Karve, D.G.
245 ## - TITLE STATEMENT
Title Indian population: a challenge and an opportunity
Statement of responsibility, etc. by D.G. Karve
260 ## - PUBLICATION, DISTRIBUTION, ETC.
Place of publication, distribution, etc. Bombay
Name of publisher, distributor, etc. National Information & Pub.
Date of publication, distribution, etc. 1948
300 ## - PHYSICAL DESCRIPTION
Extent 50+p.
500 ## - GENERAL NOTE
General note Rs.1.00
650 ## - SUBJECT ADDED ENTRY--TOPICAL TERM
Topical term or geographic name entry element Population - India
Holdings
Withdrawn status Lost status Damaged status Not for loan Permanent Location Current Location Date acquired Full call number Barcode Date last seen Price effective from Koha item type
        Indian Institute of Public Administration Indian Institute of Public Administration 1994-06-10 B12x54 K149 20695 2018-07-21 2018-07-21 Book

Powered by Koha